Los tratados de partición del océano entre España y Portugal : (Record no. 136323)

MARC details
000 -LEADER
campo de control de longitud fija 00985nam a2200229 i 4500
001 - NÚMERO DE CONTROL
campo de control 136323
003 - IDENTIFICADOR DE NÚMERO DE CONTROL
campo de control ES-MaACL
005 - FECHA Y HORA DE LA ÚLTIMA TRANSACCIÓN
campo de control 20250925063043.0
007 - CAMPO FIJO DE DESCRIPCIÓN FÍSICA--INFORMACIÓN GENERAL
campo de control de longitud fija t|
008 - DATOS DE LONGITUD FIJA--INFORMACIÓN GENERAL
campo de control de longitud fija 070214s1944 sp r ||||1| spa d
080 ## - NÚMERO DE LA CLASIFICACIÓN DECIMAL UNIVERSAL
Número de la Clasificación Decimal Universal 341.223.1(460)
080 ## - NÚMERO DE LA CLASIFICACIÓN DECIMAL UNIVERSAL
Número de la Clasificación Decimal Universal 341.223.1(469)
100 1# - ENTRADA PRINCIPAL--NOMBRE DE PERSONA
Nombre de persona Rumeu de Armas, Antonio,
Fechas asociadas al nombre 1912-2006
9 (RLIN) 100991
245 14 - MENCIÓN DEL TÍTULO
Título Los tratados de partición del océano entre España y Portugal :
Resto del título intervención de la diplomacia española /
Mención de responsabilidad, etc. conferencia pronunciada por el señor Don Antonio Rumeu de Armas, catedrático de historia de España de la Universidad de Barcelona el 14 de octubre de 1943.
260 ## - PUBLICACIÓN, DISTRIBUCIÓN, ETC.
Lugar de publicación, distribución, etc. Madrid :
Nombre del editor, distribuidor, etc. Escuela Diplomática,
Fecha de publicación, distribución, etc. 1944.
300 ## - DESCRIPCIÓN FÍSICA
Extensión 28 p. ;
Dimensiones 23 cm.
595 ## -
-- En cub.: Del volumen Conferencias del curso 1943-44.
651 ## - PUNTO DE ACCESO ADICIONAL DE MATERIA--NOMBRE GEOGRÁFICO
Nombre geográfico América-
Subdivisión general Descubrimientos y exploraciones-
Subdivisión de forma Tratados, convenios, etc.
9 (RLIN) 7702
710 2# - ENTRADA AGREGADA--NOMBRE DE ENTIDAD CORPORATIVA
Nombre de entidad corporativa o nombre de jurisdicción como elemento de entrada Escuela Diplomática (España)
9 (RLIN) 3563
852 ## - LOCALIZACIÓN
Ubicación ES-MaACL
Número de control de estantería 1851-F-12
Holdings
Estatus retirado Estado de pérdida Estado de daño No para préstamo Colección Biblioteca de origen Biblioteca actual Ubicación en estantería Fecha de adquisición Fuente de adquisición Total de préstamos Signatura topográfica completa Código de barras Visto por última vez Precio de reemplazo Tipo de ítem Koha
        Colección de folletos Biblioteca del Ateneo de Madrid Biblioteca del Ateneo de Madrid Depósito folletos 17/01/2008     1851-F-12 1141878 23/02/2023 23/02/2023 Folleto